5HLuxD.jpg

KING HENRY VIII SENIOR AND PRIMARY SCHOOL LIBRARY OPAC

Dog Man :Twenty thousand fleas under the sea / (Record no. 3964)

000 -LEADER
fixed length control field 02269cam a2200517 i 4500
001 - CONTROL NUMBER
control field 420368
003 - CONTROL NUMBER IDENTIFIER
control field OSt
005 - DATE AND TIME OF LATEST TRANSACTION
control field 20241128092714.0
008 - FIXED-LENGTH DATA ELEMENTS--GENERAL INFORMATION
fixed length control field 230728t20232023nyua j 6 000 1 eng d
020 ## - INTERNATIONAL STANDARD BOOK NUMBER
International Standard Book Number 9781338801910
Qualifying information (hbk.) :
040 ## - CATALOGING SOURCE
Language of cataloging eng
Transcribing agency AACR2
Modifying agency KH8
041 0# - LANGUAGE CODE
Language code of text/sound track or separate title eng
042 ## - AUTHENTICATION CODE
Authentication code nbic
082 0# - DEWEY DECIMAL CLASSIFICATION NUMBER
Classification number 741.50 PIL
100 1# - MAIN ENTRY--PERSONAL NAME
Personal name Pilkey, Dav,
Dates associated with a name 1966-
Relator term aut.,
-- ill.
245 10 - TITLE STATEMENT
Title Dog Man :Twenty thousand fleas under the sea /
Statement of responsibility, etc. written and illustrated by Dav Pilkey as George Beard and HaroldHutchins ; with color by Jose Garibaldi & Wes Dzioba.
246 30 - VARYING FORM OF TITLE
Title proper/short title 20,000 fleas under the sea.
246 30 - VARYING FORM OF TITLE
Title proper/short title Dog Man.
246 30 - VARYING FORM OF TITLE
Title proper/short title Twenty thousand fleas under the sea
250 ## - EDITION STATEMENT
Edition statement 1st ed.
260 #4 - PUBLICATION, DISTRIBUTION, ETC.
Place of publication, distribution, etc. New York, NY :
Name of publisher, distributor, etc. Graphix, of Scholastic,
Date of publication, distribution, etc. 2023.
300 ## - PHYSICAL DESCRIPTION
Extent 237 p. :
Other physical details chiefly col. ill. ;
Dimensions 22 cm.
490 1# - SERIES STATEMENT
Series statement Dog Man ;
Volume/sequential designation 11.
500 ## - GENERAL NOTE
General note Includes How to Draw Mike the Fly and How to Draw Molly.
500 ## - GENERAL NOTE
General note Includes Notes & Fun Facts page.
500 ## - GENERAL NOTE
General note At head of t.p.: Treehouse Comix proudly presents.
520 ## - SUMMARY, ETC.
Summary, etc. "Piggy is back, and his newest plot is his most diabolicalyet. Dog Man and the rest of your favorite charactersmust join together. What new villains are on the horizon?Where are they all coming from? And who will step forwardto save the city when scoundrels sabotage our SupaBuddies?" --Publisher.
600 10 - SUBJECT ADDED ENTRY--PERSONAL NAME
Personal name Dog Man
Titles and other words associated with a name (Fictitious character)
Form subdivision Comic books, strips, etc.
-- Juvenile fiction.
650 #0 - SUBJECT ADDED ENTRY--TOPICAL TERM
Topical term or geographic name entry element Graphic novels
Form subdivision Juvenile fiction.
650 #0 - SUBJECT ADDED ENTRY--TOPICAL TERM
Topical term or geographic name entry element Dogs
Form subdivision Comic books, strips, etc.
-- Juvenile fiction.
650 #0 - SUBJECT ADDED ENTRY--TOPICAL TERM
Topical term or geographic name entry element Cats
Form subdivision Comic books, strips, etc.
-- Juvenile fiction.
650 #0 - SUBJECT ADDED ENTRY--TOPICAL TERM
Topical term or geographic name entry element Police
Form subdivision Comic books, strips, etc.
-- Juvenile fiction.
650 #0 - SUBJECT ADDED ENTRY--TOPICAL TERM
Topical term or geographic name entry element Swine
Form subdivision Comic books, strips, etc.
-- Juvenile fiction.
650 #0 - SUBJECT ADDED ENTRY--TOPICAL TERM
Topical term or geographic name entry element Supervillains
Form subdivision Comic books, strips, etc.
-- Juvenilefiction.
650 #0 - SUBJECT ADDED ENTRY--TOPICAL TERM
Topical term or geographic name entry element Children's stories
Form subdivision Comic books, strips, etc.
650 #0 - SUBJECT ADDED ENTRY--TOPICAL TERM
Topical term or geographic name entry element Comic books, strips, etc.
655 #1 - INDEX TERM--GENRE/FORM
Genre/form data or focus term Adventure stories.
655 #1 - INDEX TERM--GENRE/FORM
Genre/form data or focus term Humorous stories.
655 #7 - INDEX TERM--GENRE/FORM
Genre/form data or focus term Action and adventure comics.
Source of term lcgft.
655 #7 - INDEX TERM--GENRE/FORM
Genre/form data or focus term Humorous comics.
Source of term lcgft.
655 #7 - INDEX TERM--GENRE/FORM
Genre/form data or focus term Graphic novels.
Source of term lcgft.
700 1# - ADDED ENTRY--PERSONAL NAME
Personal name Garibaldi, Jose,
Relator term colorist.
700 1# - ADDED ENTRY--PERSONAL NAME
Personal name Dzioba, Wes,
Relator term colorist.
830 #0 - SERIES ADDED ENTRY--UNIFORM TITLE
Uniform title Dog Man.
942 ## - ADDED ENTRY ELEMENTS (KOHA)
Source of classification or shelving scheme
Koha item type Books - Non Ficton
Holdings
Withdrawn status Lost status Source of classification or shelving scheme Damaged status Not for loan Collection code Permanent Location Current Location Shelving location Date acquired Total Checkouts Total Renewals Full call number Barcode Date due Date last seen Date last checked out Price effective from Koha item type Public note
          Non-Fiction KH8 Primary School Library KH8 Primary School Library Graphic Novel 2024-11-26 5 1 741.50 PIL KHPL000004664 2026-01-21 2026-01-14 2026-01-14 2024-11-26 Graphic Novel PRIMARY LIBRARY

Powered By KH8 IT Dept